| 000 | 00380nam a2200157Ia 4500 | ||
|---|---|---|---|
| 008 | 230524s9999 xx 000 0 und d | ||
| 082 |
_a621.382 _bMAL |
||
| 100 | _aChristine A.Mallin | ||
| 245 | 0 | _a"Corporate Governance ," | |
| 250 | _a2ND | ||
| 260 |
_aNEW DELHI _bOxford _c2009 |
||
| 300 | _aXIV;311 | ||
| 500 | _aQuantity Number: 12 | ||
| 650 | _aManagement | ||
| 942 | _cBK | ||
| 999 |
_c45438 _d45438 |
||